Risultati dell'Inter in UEFA Europa League 2012-2013 - Statistics

Statistiche generali
  • Questo quiz è stato fatto 8 volte
  • Il punteggio medio è 6 su 10
Statistiche sulle risposte
Hint Risposta % Corretto
Tottenham - Inter 3-0
100%
Inter - Tottenham 4-1
100%
CFR Cluj - Inter 0-3
83%
Inter - Partizan Belgrado 1-0
67%
Inter - CFR Cluj 2-0
67%
Neftçi Baku - Inter 1-3
50%
Partizan Belgrado - Inter 1-3
33%
Inter - Rubin Kazan 2-2
33%
Inter - Neftçi Baku 2-2
17%
Rubin Kazan - Neftçi Baku 3-0
0%
Nessun quiz corrispondente trovato
Distribuzione punteggi
Percentuale di utenti per punteggio
Percentile per numero di risposta
I tuoi punteggi nel tempo
Non hai fatto questo quiz